Länder der Welt ohne L im Namen - Statistiken

Allgemein
  • Dieses Quiz wurde 391 mal gespielt
    319 seit der letzten Aktualisierung
  • Das Durchschnittsergebnis liegt bei 98 aus 130
Antwortstatistiken
Hint Antwort % Korrekt
Andorra
95%
C China
90%
Frankreich
90%
I Indien
89%
Indonesien
89%
Argentinien
88%
Honduras
88%
Kanada
88%
Armenien
87%
Japan
87%
Vereinigte Staaten
87%
A Afghanistan
86%
Ägypten
86%
Aserbaidschan
86%
D Dänemark
86%
H Haiti
86%
Jemen
86%
Schweden
85%
Irak
83%
Iran
83%
Jordanien
83%
Kasachstan
83%
Kroatien
83%
Norwegen
83%
Österreich
83%
Spanien
83%
Uruguay
83%
Marokko
82%
O Oman
82%
Vatikanstadt
82%
Nordkorea
81%
Paraguay
81%
B Bahamas
80%
Costa Rica
80%
Eritrea
80%
Ghana
80%
Mexiko
80%
Schweiz
80%
Georgien
79%
J Jamaika
79%
Serbien
79%
F Fidschi
78%
Niger
78%
Rumänien
78%
Südkorea
78%
Usbekistan
78%
Vereinigtes Königreich
78%
Äthiopien
77%
Dschibuti
77%
Guinea
77%
Kirgisistan
77%
Kuba
77%
Monaco
77%
Nigeria
77%
Peru
77%
Türkei
77%
Vietnam
77%
Z Zypern
77%
Bhutan
76%
Kamerun
76%
Nordmazedonien
76%
Südafrika
76%
Togo
76%
Ungarn
76%
Bahrain
75%
Barbados
75%
Bosnien und Herzegowina
75%
E Ecuador
75%
Kosovo
75%
Eswatini
74%
Kenia
74%
Montenegro
74%
R Ruanda
74%
San Marino
74%
Sudan
74%
Südsudan
74%
Turkmenistan
74%
Uganda
74%
U Ukraine
74%
Dominica
73%
T Tadschikistan
73%
G Gabun
72%
P Pakistan
72%
Vereinigte Arabische Emirate
72%
Antigua und Barbuda
71%
N Namibia
71%
Osttimor
71%
Panama
71%
Benin
70%
Gambia
70%
Mauretanien
70%
Mikronesien
70%
Tonga
70%
V Vanuatu
70%
Burundi
69%
Nicaragua
69%
Papua-Neuguinea
69%
Saudi-Arabien
69%
Syrien
69%
Tschechien
69%
Brunei
68%
Guinea-Bissau
68%
Guyana
68%
K Kambodscha
68%
Kuwait
68%
Mauritius
68%
Mosambik
68%
S Sambia
68%
Singapur
68%
Trinidad und Tobago
68%
Tunesien
68%
Botswana
67%
Katar
67%
M Madagaskar
67%
Samoa
67%
Tansania
67%
Burkina Faso
66%
Grenada
66%
Kap Verde
66%
Myanmar
66%
Nauru
66%
St. Vincent und die Grenadinen
66%
Tschad
66%
Taiwan
65%
Komoren
63%
Suriname
63%
Simbabwe
62%
St. Kitts und Nevis
61%
Kiribati
57%
Sao Tome und Principe
56%
Keine übereinstimmenden Quizze gefunden
Verteilung der Resultate
Anzahl Personen mit jedem Resultat
Perzentil nach korrekt beantworteten Fragen
Ihre Resultats-Entwicklung
Sie haben dieses Quiz seit der letzten Aktualisierung nicht gespielt